000 00186nam a2200085Ia 4500
008 250605s9999 xx 000 0 und d
041 _aeng
100 _aProbir Ghosh
245 _aITC LIMITED
999 _c46319
_d46319